000 00701nac a22001931u 4500
008 100914s2002 mau|||||r|||| 001 0 eng d
020 _a1928994679
082 _a629.892
_bFER
_222
100 _aFerrari, Mario
_919080
245 _aBuilding Robots with LEGO MINDSTORMS :
_bThe Ultimate Tool for MINDSTORMS Maniacs /
_cMario Ferrari, Giulio Ferrari; Ralph Hempel (technical editor)
260 _aRockland, MA. :
_bSyngress,
_c2002
300 _a614 p. :
_bill. ;
_c24 cm.
500 _aIncludes index
650 _aRobots
_xdesign and construction
_919081
650 _aLego toys
_919082
700 _919078
_aferrari, Giulio
700 _919079
_aHempel, Ralph
942 _cBB
_k629.892FER
_2ddc
999 _c389
_d389